Amanat perdana : (Record no. 2013)

000 -LEADER
fixed length control field nam a22 a 4500
003 - CONTROL NUMBER IDENTIFIER
control field AKMAL
005 - DATE AND TIME OF LATEST TRANSACTION
control field 20170512163052.0
008 - FIXED-LENGTH DATA ELEMENTS--GENERAL INFORMATION
fixed length control field 170512s2010 my | e | f000 s may d
020 ## - INTERNATIONAL STANDARD BOOK NUMBER
International Standard Book Number 9789833109531 (kkt.) :
Terms of availability RM11.70
039 #9 - LEVEL OF BIBLIOGRAPHIC CONTROL AND CODING DETAIL [OBSOLETE]
Level of rules in bibliographic description 201204181012
Level of effort used to assign nonsubject heading access points amin
Level of effort used to assign subject headings 201203051030
Level of effort used to assign classification khuraisah
Level of effort used to assign subject headings 201202030924
Level of effort used to assign classification manoriah
Level of effort used to assign subject headings 201201311448
Level of effort used to assign classification noraini_y
040 ## - CATALOGING SOURCE
Original cataloging agency AKMAL
Transcribing agency AKMAL
049 ## - LOCAL HOLDINGS (OCLC)
Holding library klpmal
082 04 - DEWEY DECIMAL CLASSIFICATION NUMBER
Classification number 351.595 AMA
Edition number 22
090 00 - LOCALLY ASSIGNED LC-TYPE CALL NUMBER (OCLC); LOCAL CALL NUMBER (RLIN)
Classification number (OCLC) (R) ; Classification number, CALL (RLIN) (NR) 351.595
Local cutter number (OCLC) ; Book number/undivided call number, CALL (RLIN) AMA
090 20 - LOCALLY ASSIGNED LC-TYPE CALL NUMBER (OCLC); LOCAL CALL NUMBER (RLIN)
Classification number (OCLC) (R) ; Classification number, CALL (RLIN) (NR) 351.595
Local cutter number (OCLC) ; Book number/undivided call number, CALL (RLIN) AMA
245 00 - TITLE STATEMENT
Title Amanat perdana :
Remainder of title perkhidmatan awam pemacu transformasi negara
260 ## - PUBLICATION, DISTRIBUTION, ETC.
Place of publication, distribution, etc. Kuala Lumpur :
Name of publisher, distributor, etc. Institut Tadbiran Awam Negara,
Date of publication, distribution, etc. 2010
300 ## - PHYSICAL DESCRIPTION
Extent xii, 76ms. ;
Dimensions 21cm.
500 ## - GENERAL NOTE
General note Koleksi ucapan Perdana Menteri semasa Majlis Perdana Perkhidmatan Awam (MAPPA) (2007-2010)
650 10 - SUBJECT ADDED ENTRY--TOPICAL TERM
Topical term or geographic name entry element Civil service
Geographic subdivision Malaysia
9 (RLIN) 420
650 20 - SUBJECT ADDED ENTRY--TOPICAL TERM
Topical term or geographic name entry element Public administration
Geographic subdivision Malaysia
9 (RLIN) 419
650 20 - SUBJECT ADDED ENTRY--TOPICAL TERM
Topical term or geographic name entry element Speeches, addresses, etc.
9 (RLIN) 54
651 #0 - SUBJECT ADDED ENTRY--GEOGRAPHIC NAME
Geographic name Malaysia
General subdivision Politics and government
9 (RLIN) 44
942 ## - ADDED ENTRY ELEMENTS (KOHA)
Source of classification or shelving scheme
Koha item type Book
Holdings
Withdrawn status Lost status Source of classification or shelving scheme Damaged status Not for loan Collection code Home library Current library Date acquired Inventory number Total Checkouts Full call number Barcode Date last seen Price effective from Koha item type
          NON-FICTION AKMAL Melaka AKMAL Melaka 12.05.2017 306042   351.595 AMA 201705956 12.05.2017 12.05.2017 Book
Pusat Sumber Maklumat Dato' Haji Sarmin Md Hussin, Akademi Kastam Diraja Malaysia, Melaka
Tel: 06-2331106 | Faks: 06-2313787